000 00660nam a2200205Ia 4500
003 GCL
008 140319s9999 xx 000 0 ara d
040 _aGCL /
_cGCL
082 0 4 _a320.5
_bم ب
100 1 _aمجدى نصيف
245 1 0 _aالبيريسترويكا : بعد العاصفة /
_cمجدى نصيف
700 1 _aهارمان, كريس
700 1 _aزبروفسكى، اندى
300 _a175 ص
490 _aالهيئة العامة للاستعلامات
_v0
650 0 4 _aالاتحاد السوفيتى
650 0 4 _aبروسترويكا
650 0 4 _aروسيا- العصرالحديث, بروسترويكا
942 _2ddc
_cBK
999 _c48404
_d48404